Effectivenss of organic fertilizer on radish chinese yield in the crop station at the royal university of agriculture,(ប្រសិទ្ធភាពជីធម្មជាតិទៅលើទិន្នផលដំណាំឆៃថាវនៅស្ថានីយ៍ពិសោធន៍ដំណាំសាកលវិទ្យាល័យភូមិន្ទកសិកម្ម) (Record no. 757)

000 -LEADER
fixed length control field 00747nam a22001577a 4500
003 - CONTROL NUMBER IDENTIFIER
control field OSt
005 - DATE AND TIME OF LATEST TRANSACTION
control field 20150918161606.0
008 - FIXED-LENGTH DATA ELEMENTS--GENERAL INFORMATION
fixed length control field 150918b xxu||||| |||| 00| 0 eng d
040 ## - CATALOGING SOURCE
Transcribing agency RUA
082 ## - DEWEY DECIMAL CLASSIFICATION NUMBER
Classification number AGR HAS 2005 B032 Or.1
100 ## - MAIN ENTRY--PERSONAL NAME
9 (RLIN) 789
Personal name HAS DA
245 ## - TITLE STATEMENT
Title Effectivenss of organic fertilizer on radish chinese yield in the crop station at the royal university of agriculture,(ប្រសិទ្ធភាពជីធម្មជាតិទៅលើទិន្នផលដំណាំឆៃថាវនៅស្ថានីយ៍ពិសោធន៍ដំណាំសាកលវិទ្យាល័យភូមិន្ទកសិកម្ម)
260 ## - PUBLICATION, DISTRIBUTION, ETC. (IMPRINT)
Place of publication, distribution, etc. phnom penh
Name of publisher, distributor, etc. RUA
Date of publication, distribution, etc. 2005
300 ## - PHYSICAL DESCRIPTION
Extent xi,50p.
Dimensions ill.
Size of unit 29cm.
942 ## - ADDED ENTRY ELEMENTS (KOHA)
Source of classification or shelving scheme
Koha item type AGR
Holdings
Price effective from Date last seen Permanent Location Not for loan Date acquired Source of classification or shelving scheme Koha item type Lost status Withdrawn status Total Renewals Date last checked out Total Checkouts Shelving location Damaged status Barcode Current Location Full call number
2015-09-182015-09-18Library Block B 2015-09-18 AGR     B032 RUA008703Library Block BAGR HAS 2005 B032 Or.1
2015-11-062019-11-18Library Block B 2015-11-06 AGR   2019-10-285  RUA035311Library Block BAGR HAS 2005 B032 Or.2
2016-01-252023-10-19Library Block B 2016-01-25 AGR  22022-02-096  RUA051511Library Block BAGR HAS 2005 B032 Or.3
2017-12-152022-02-04Library Block B 2017-12-15 AGR   2022-01-283B032 A28263Library Block BAGR HAS 2005 B032 Or.4
មជ្ឈមណ្ឌលឯការនៃសាកលវិទ្យាល័យភូមិន្ទកសិកម្មចំការដូង

Powered by Koha